| 000 | 00845nam a22002775i 4500 | ||
|---|---|---|---|
| 001 | 11896 | ||
| 003 | ES-MaACL | ||
| 005 | 20230906150209.0 | ||
| 007 | t| | ||
| 008 | 940601s1993 sp ||||0| spa j | ||
| 020 | _a84-86852-39-0 | ||
| 040 |
_aM-BN _bspa _cM-BN |
||
| 080 | _a364.4 | ||
| 100 | 1 |
_aSarasa Urdiola, Sebastián. _9103764 |
|
| 245 | 1 | 3 |
_aEl servicio de lo social / _cSebastián Sarasa Urdiola. |
| 250 | _a1ª ed. | ||
| 260 |
_aMadrid : _bInstituto Nacional de Servicios Sociales, _c1993. |
||
| 300 |
_a171 p ; _c22 cm. |
||
| 490 | 1 |
_aServicios sociales ; _v21 |
|
| 504 | _aBibliografía. | ||
| 650 | 1 | 4 |
_aServicios sociales. _917068 |
| 710 | 2 |
_aInstituto Nacional de Servicios Sociales (España) _95189 |
|
| 830 | 0 |
_aServicios sociales ; _v21 _9178582 |
|
| 852 |
_aES-MaACL _jL-19154 _bR.123003 |
||
| 999 |
_c11896 _d11896 |
||